000 00444nam a2200193Ia 4500
005 20250603144913.0
008 250603s9999 xx 000 0 und d
020 _a9781405118675
050 _aRC 346 .W55/
100 _aWilkinson, Iain & Graham Lennox.
245 0 _aEssential neurology
250 _a4th ed.
260 _aMalden
260 _bBlackwell Pub.
260 _c2005
300 _a278 p
650 _aMalden
942 _cBK
999 _c40292
_d40292